Historia económica de América Latina : (Record no. 4275)

MARC details
000 -LEADER
fixed length control field 00669nam a22001937a 4500
008 - FIXED-LENGTH DATA ELEMENTS--GENERAL INFORMATION
fixed length control field 180831b xxu||||| |||| 00| 0 spa d
082 14 - DEWEY DECIMAL CLASSIFICATION NUMBER
Edition number 14
Classification number 330.98
100 1# - MAIN ENTRY--PERSONAL NAME
9 (RLIN) 6262
Personal name Cardoso, Ciro Flamarion S.
245 10 - TITLE STATEMENT
Title Historia económica de América Latina :
Remainder of title economías de exportación y desarrollo capitalista /
Statement of responsibility, etc Ciro Flamarion S. Cardoso, Héctor Pérez Brignoli.
250 ## - EDITION STATEMENT
Edition statement 3a.ed.
260 ## - PUBLICATION, DISTRIBUTION, ETC. (IMPRINT)
Place of publication, distribution, etc Barcelona :
Name of publisher, distributor, etc Critica,
Date of publication, distribution, etc 1984.
300 ## - PHYSICAL DESCRIPTION
Extent 213 p.
650 #0 - SUBJECT ADDED ENTRY--TOPICAL TERM
9 (RLIN) 1282
Topical term or geographic name as entry element DESARROLLO ECONOMICO Y SOCIAL
650 #0 - SUBJECT ADDED ENTRY--TOPICAL TERM
9 (RLIN) 555
Topical term or geographic name as entry element HISTORIA ECONOMICA
651 #0 - SUBJECT ADDED ENTRY--GEOGRAPHIC NAME
Geographic name AMERICA LATINA
9 (RLIN) 735
700 1# - ADDED ENTRY--PERSONAL NAME
9 (RLIN) 6265
Personal name Pérez Brignoli, Héctor
942 ## - ADDED ENTRY ELEMENTS (KOHA)
Source of classification or shelving scheme Dewey Decimal Classification
Item type Libro, folleto, traducción
980 ## - EQUIVALENCE OR CROSS-REFERENCE-SERIES STATEMENT--PERSONAL NAME/TITLE [LOCAL, CANADA]
Field link and sequence number
Miscellaneous information CRON CRON
Holdings
Withdrawn status Lost status Source of classification or shelving scheme Damaged status Not for loan Home library Current library Date acquired Source of acquisition Total Checkouts Total Renewals Full call number Barcode Date last seen Date last borrowed Price effective from Koha item type
    Dewey Decimal Classification     Biblioteca Central Biblioteca Central 31/08/2018 Donación 1 2 330.98 CAR UNAJ18080153 17/03/2025 04/04/2019 31/08/2018 Libro, folleto, traducción

Lunes a Viernes 8:30 a 19:00 hs. Cerrado por mudanza
Av.Calchaqui 6200 Florencio Varela (CP188) 2°piso Edificio Mosconi Aula 209-210
Mail: bibliotecacentralunaj@gmail.com  
Whatsapp(54 9)1122668024    ❔Pregunte a la bibliotecaria
© Universidad Nacional Arturo Jauretche | Secretaría Académica | Biblioteca Central UNAJ